[Event "Tianjin Prestigious Univ-ch"]
[Site "Tianjin"]
[Date "2019.11.29"]
[Round "10"]
[White "Papanek, Ella Sharpe"]
[Black "Lu, Hongyi"]
[Result "1-0"]
[WhiteElo "1777"]
[BlackElo "1862"]
[PlyCount "77"]
[EventDate "2019.11.26"]
[EventType "team-tourn"]
[EventRounds "11"]
[EventCountry "CHN"]
[SourceTitle "CBM 193 Extra"]
[Source "ChessBase"]
[SourceDate "2020.01.31"]
[SourceVersion "1"]
[SourceVersionDate "2020.01.31"]
[SourceQuality "1"]

1. d4 Nf6 2. c4 e6 3. Nc3 d5 4. cxd5 exd5 5. Bg5 c6 6. e3 h6 7. Bh4 Bd6 8. Bd3 Be6 9. Nge2 0-0 10. Rc1 Nbd7 11. f3 Re8 12. e4 Be7 13. e5 Nh7 14. Bg3 c5 15. f4 f5 16. Bf2 Nhf8 17. Ng3 g6 18. Qf3 cxd4 19. Bxd4 Bc5 20. Nge2 Rc8 21. a3 Bxd4 22. Nxd4 Nc5 23. Bb5 Re7 24. 0-0 a6 25. Be2 Ne4 26. Rfd1 Qb6 27. Na4 Qa7 28. Rxc8 Bxc8 29. b4 Ne6 30. Qe3 Rc7 31. Nxf5 Qxe3+ 32. Nxe3 Nxf4 33. Bf3 Be6 34. Bxe4 dxe4 35. Nc5 Ne2+ 36. Kf2 Nc3 37. Rd8+ Kf7 38. Rh8 Bd7 39. e6+ 1-0

[Event "Tianjin Prestigious Univ-ch"]
[Site "Tianjin"]
[Date "2019.11.28"]
[Round "7"]
[White "Lu, Hongyi"]
[Black "Wang, Nancy"]
[Result "1-0"]
[WhiteElo "1862"]
[BlackElo "1823"]
[PlyCount "83"]
[EventDate "2019.11.26"]
[EventType "team-tourn"]
[EventRounds "11"]
[EventCountry "CHN"]
[SourceTitle "CBM 193 Extra"]
[Source "ChessBase"]
[SourceDate "2020.01.31"]
[SourceVersion "1"]
[SourceVersionDate "2020.01.31"]
[SourceQuality "1"]

1. e4 c5 2. Nf3 Nc6 3. d3 g6 4. g3 Bg7 5. Bg2 d6 6. 0-0 e5 7. c3 Nge7 8. a4 0-0 9. Na3 h6 10. Nc4 Be6 11. Be3 f5 12. exf5 gxf5 13. Re1 Ng6 14. Ncd2 Qd7 15. Nf1 f4 16. Bd2 Na5 17. c4 Nc6 18. Bc3 Bg4 19. N1d2 Rab8 20. a5 h5 21. h4 Bh6 22. Qc2 fxg3 23. fxg3 Bh3 24. Ne4 Nd4 25. Bxd4 cxd4 26. Nfg5 Bxg2 27. Qxg2 Rbd8 28. Rf1 Bg7 29. Qe2 Qg4 30. Qxg4 hxg4 31. Rxf8+ Nxf8 32. a6 b6 33. Rf1 Rd7 34. b4 Nh7 35. Kg2 Nxg5 36. Nxg5 Bh6 37. Rf5 Rg7 38. Ne6 Rg6 39. Nc7 Rg7 40. Nb5 Bd2 41. Nxd6 Bxb4 42. Ne4 1-0

[Event "Belt and Road Hunan op-C"]
[Site "Changsha"]
[Date "2019.07.31"]
[Round "5"]
[White "Lu, Hongyi"]
[Black "Wu, Yixing"]
[Result "1/2-1/2"]
[WhiteElo "1903"]
[BlackElo "1659"]
[PlyCount "94"]
[EventDate "2019.07.29"]
[EventType "swiss"]
[EventRounds "9"]
[EventCountry "CHN"]
[SourceTitle "EXT 2020"]
[Source "ChessBase"]
[SourceDate "2019.10.17"]
[SourceVersion "1"]
[SourceVersionDate "2019.10.17"]
[SourceQuality "1"]

1. e4 c5 2. Nf3 d6 3. Bb5+ Bd7 4. Bxd7+ Qxd7 5. 0-0 e6 6. d4 Be7 7. dxc5 dxc5 8. Bf4 Nf6 9. Nc3 0-0 10. Qe2 b6 11. Rfd1 Qb7 12. e5 Nfd7 13. Nb5 Re8 14. Nd6 Bxd6 15. Rxd6 Nf8 16. Rad1 Na6 17. c4 Nc7 18. h4 b5 19. R6d2 bxc4 20. Qxc4 Nd5 21. Bg3 Qb4 22. Rc2 Qxc4 23. Rxc4 Rec8 24. Nd2 Rab8 25. b3 Nb6 26. Rc2 Rc6 27. Rdc1 Rbc8 28. Nc4 Nxc4 29. Rxc4 Nd7 30. b4 Rb8 31. f4 Kf8 32. Bf2 Ke7 33. bxc5 Rbc8 34. Kf1 Nb6 35. Rb4 Nd5 36. Ra4 R8c7 37. Ke2 Rd7 38. Kf3 a6 39. Rcc4 Rb7 40. Ra3 Rd7 41. g4 g6 42. Rb3 Rd8 43. h5 Rdc8 44. Ke4 Kd7 45. f5 gxf5+ 46. gxf5 Rg8 47. Rg3 Rcc8 1/2-1/2